| 000 | 00970nam a22002897a 4500 | ||
|---|---|---|---|
| 003 | CHAP | ||
| 005 | 20220329134656.0 | ||
| 008 | 971013s1983 s a r 00010 eng d | ||
| 010 | _a24049 | ||
| 011 | _a25021 | ||
| 035 | _a29121 | ||
| 040 | _cCHAP | ||
| 090 | _aFolleto 9601 (1983) | ||
| 100 | 0 | 0 |
_aIltis, Hugh H. _957443 |
| 245 | 1 |
_aBackground, preliminary results and comentary on nature preservation in México _b: teosinte expedition to the sierra de Manantlán, Jalisco, México |
|
| 250 | _a2 ed. | ||
| 260 |
_aMadison, Wisconsin : _bUniversity of Wisconsin, _c1983 |
||
| 300 |
_a78 p. _b: ilus |
||
| 490 |
_aThe Wisconsin Herbarium 1 (1) _v; 1983 |
||
| 590 |
_aBATCH-UPD _b10 _c20130110 _lUCH01 _h2228 |
||
| 590 |
_aCONVERSION _b10 _c20130109 _lUCH01 _h1314 |
||
| 650 | 1 | 4 |
_aTeosinte. _9112320 |
| 830 | 0 |
_aThe Wisconsin Herbarium 1 (1) _v; 1983 _9112726 |
|
| 901 | _aBK | ||
| 942 | _cFOLL | ||
| 949 |
_aFolleto 9601 (1983) _bBC _cFOLL _d-67228 _eTS1 _i29121 _mD _si |
||
| 999 |
_c24049 _d24049 |
||